McDonald's Property Co Ltd v HSBC Bank plc (Record no. 68288)
[ view plain ]
| 000 -LEADER | |
|---|---|
| fixed length control field | 01397cam a2200229 4500 |
| 001 - CONTROL NUMBER | |
| control field | ABS64571 |
| 008 - FIXED-LENGTH DATA ELEMENTS--GENERAL INFORMATION | |
| fixed length control field | 010918n2001 000 0 eng u |
| 035 ## - SYSTEM CONTROL NUMBER | |
| System control number | (Sirsi) u114624 |
| 245 ## - TITLE STATEMENT | |
| Title | McDonald's Property Co Ltd v HSBC Bank plc |
| 260 ## - PUBLICATION, DISTRIBUTION, ETC. | |
| Date of publication, distribution, etc. | 2001 |
| 490 ## - SERIES STATEMENT | |
| Series statement | Estates Gazette |
| Volume/sequential designation | [2001] 36 EG, 181-186(6) |
| 520 ## - SUMMARY, ETC. | |
| Summary, etc. | ChD 25 April 2001. Tenant (A) held a lease from landlord (B) at a rent subject to review, on the condition written notice was given within a specified period. It also provided a timetable for the determination of the rent. Notice triggering the first rent review was given late. A challenged the review contending that time was of the essenceand that, as it had been served late, the notice was not valid. A issued a Pt 8 claim, also contending there were compelling contra-indications. B issued an application to strike out A's claim. "Held": the claim and the appeal were dismissed. B's application was dismissed but A was ordered to pay the costs of the application. Time was not of the essence for the triggering of the rent review. |
| 590 ## - LOCAL NOTE (RLIN) | |
| Local note | ABS |
| 650 ## - SUBJECT ADDED ENTRY--TOPICAL TERM | |
| Topical term or geographic name entry element | MCDONALD'S PROPERTY CO LTD V HSBC BANK |
| 650 ## - SUBJECT ADDED ENTRY--TOPICAL TERM | |
| Topical term or geographic name entry element | CHEAPSIDE LAND DEVELOPMENT CO V MESSELS SERVICE CO |
| 650 ## - SUBJECT ADDED ENTRY--TOPICAL TERM | |
| Topical term or geographic name entry element | TIME OF THE ESSENCE |
| 650 ## - SUBJECT ADDED ENTRY--TOPICAL TERM | |
| Topical term or geographic name entry element | TRIGGER NOTICE |
| 650 ## - SUBJECT ADDED ENTRY--TOPICAL TERM | |
| Topical term or geographic name entry element | RENT REVIEW |
| 650 ## - SUBJECT ADDED ENTRY--TOPICAL TERM | |
| Topical term or geographic name entry element | LEASES |
| 690 ## - LOCAL SUBJECT ADDED ENTRY--TOPICAL TERM (OCLC, RLIN) | |
| Topical term or geographic name as entry element | LANDLORD AND TENANT-RENT REVIEWS-CASE LAW |
| 942 ## - ADDED ENTRY ELEMENTS (KOHA) | |
| Suppress in OPAC | 0 |
| Withdrawn status | Lost status | Source of classification or shelving scheme | Damaged status | Not for loan | Home library | Current library | Shelving location | Date acquired | Total Checkouts | Full call number | Barcode | Date last seen | Copy number | Price effective from | Koha item type |
|---|---|---|---|---|---|---|---|---|---|---|---|---|---|---|---|
| Dewey Decimal Classification | London | London | Journal article | 18/09/2001 | ABS64571 | 114624-1001 | 06/08/2019 | 1 | 06/08/2019 | Law report |